| 000 | 01042nam a22002297a 4500 | ||
|---|---|---|---|
| 003 | AM-YeHGA | ||
| 005 | 20250617154541.0 | ||
| 008 | 181025s1937 ru ||||| |||| 00| 0 rus d | ||
| 040 | _aAM-YeHGA | ||
| 041 | 0 | _arus | |
| 100 | 1 | _aТынянов, Юрий Николаевич. | |
| 245 | 1 | 0 |
_aКюхля / _cЮрий Тынянов; Вступ.ст.и примеч.А.С. Нифонтова; Ред. И. Луппол и др. |
| 260 |
_aМосква : _bЖурнально-газетное бобъединение, _c1937. |
||
| 300 | _a354 с., c ил. | ||
| 440 | 0 |
_aИсторические романы. _pСерия 1937 года. _v№ 12. |
|
| 500 | _aПечатается по изданию " Художественная литература" Ленинград, 1936 г. | ||
| 600 | 1 | 4 | _aКюхельбекер, Вильгельм Карлович |
| 653 | 0 | _aРусская литература - Декабристы (х. л.) | |
| 700 | 1 |
_aЛуппол, И. _eред. _4edt |
|
| 942 |
_2udc _cBK |
||
| 090 | _c416684 | ||
| 999 |
_c414369 _d414369 |
||